Možnosti zvyšovania kapitálu pomocou externých zdrojov bakalárska práca

Salvato in:
Dettagli Bibliografici
Autore principale: Jakubová, Petra
Ente Autore: Podnikovohospodárska fakulta EU so sídlom v Košiciach. Katedra finančného riadenia podniku
Altri autori: Stašková, Slavomíra, 1989-
Natura: Libro
Lingua:slovacco
Pubblicazione: Košice 2020
Tags: Aggiungi Tag
Nessun Tag, puoi essere il primo ad aggiungerne!!

MARC

LEADER 00000nbm a2200000 4500
001 0265427
005 20201208093935.1
041 0 |a slo 
044 |a SK 
245 1 0 |a Možnosti zvyšovania kapitálu pomocou externých zdrojov  |b bakalárska práca  |c Petra Jakubová ; školiteľ: Slavomíra Stašková 
264 1 |a Košice  |c 2020 
300 |a 59 s. 
100 1 |a Jakubová, Petra 
700 1 |a Stašková, Slavomíra, 1989- 
710 2 |a Podnikovohospodárska fakulta EU so sídlom v Košiciach. Katedra finančného riadenia podniku